[Event "MVP-ch Seniors op 17th"]
[Site "Binz"]
[Date "2017.12.06"]
[Round "8.62"]
[White "Koehler, Marianne"]
[Black "Thielemann, Joachim"]
[Result "0-1"]
[WhiteElo "1653"]
[BlackElo "1817"]
[PlyCount "136"]
[EventDate "2017.11.29"]
[EventType "swiss"]
[EventRounds "9"]
[EventCountry "GER"]
[SourceTitle "OM OTB B 201907"]
[Source "Opening Master"]
[SourceDate "2019.07.06"]
[SourceVersion "2"]
[SourceVersionDate "2019.07.06"]
[SourceQuality "1"]

1. e4 e5 2. Nf3 Nc6 3. c3 Bc5 4. d3 h6 5. Be3 Qe7 6. Bxc5 Qxc5 7. Nbd2 Nf6 8.
Be2 O-O 9. Nb3 Qe7 10. g3 d6 11. h4 Bg4 12. Nfd2 Bxe2 13. Qxe2 Rad8 14. O-O-O
Rfe8 15. Kb1 a5 16. a4 Qd7 17. Kc2 Ne7 18. Ra1 b6 19. Nc1 d5 20. Qf3 dxe4 21.
Nxe4 Nxe4 22. Qxe4 Nc6 23. b3 f5 24. Qc4+ Kh8 25. f3 e4 26. fxe4 fxe4 27. d4 e3
28. Qe2 Re4 29. Qg2 Rde8 30. Ne2 Na7 31. Rhf1 Qd6 32. Kb2 c5 33. dxc5 bxc5 34.
Rad1 Qb6 35. Rf8+ Kh7 36. Qf3 Qe6 37. Rxe8 Qxe8 38. h5 Re5 39. Rd5 c4 40. Rxe5
Qxe5 41. Qf7 Qd6 42. Qg6+ Qxg6 43. hxg6+ Kxg6 44. bxc4 Kf5 45. Kc2 Ke4 46. g4
Nc6 47. c5 Kf3 48. Kd1 Kxg4 49. Nd4 Ne7 50. Ke2 h5 51. c4 h4 52. Kxe3 h3 53.
Nf3 Kg3 54. Ke2 h2 55. Nxh2 Kxh2 56. Kf3 Kh3 57. Kf4 Kh4 58. Ke5 g5 59. Kd6
Nc8+ 60. Kc7 g4 61. Kxc8 g3 62. Kb7 g2 63. c6 g1=Q 64. c7 Qg2+ 65. Kb8 Qb2+ 66.
Kc8 Qb4 67. Kd7 Qxa4+ 68. Kd8 Qxc4 0-1

[Event "FICS rated blitz game"]
[Site "FICS freechess.org"]
[Date "2017.12.06"]
[Round "?"]
[White "bakonyi"]
[Black "jesuistropfort"]
[Result "0-1"]
[WhiteElo "2023"]
[BlackElo "2112"]
[PlyCount "38"]
[EventDate "2017.??.??"]
[EventType "blitz"]

1. e4 e5 2. Nf3 Nc6 3. c3 d5 4. Qa4 dxe4 5. Nxe5 Qd5 6. Nxc6 bxc6 7. Bc4 Qd6 8.
d4 exd3 9. Bxd3 Nf6 10. O-O Be7 11. Bf4 Qd7 12. Rd1 Qe6 13. Na3 O-O 14. Re1 Qd7
15. Rad1 Nd5 16. c4 Bxa3 17. cxd5 Bxb2 18. dxc6 Qg4 19. Bxc7 Qxa4 {White
resigns} 0-1

[Event "Wroclaw POL, Adolf Anderssen Mem 2017"]
[Site "Wroclaw POL"]
[Date "2017.12.03"]
[Round "9.6"]
[White "Swicarz, Maciej"]
[Black "Kowalczyk, Rafal"]
[Result "1-0"]
[WhiteElo "2378"]
[BlackElo "2223"]
[PlyCount "36"]
[EventDate "2017.12.02"]
[EventType "swiss (blitz)"]
[EventRounds "13"]
[EventCountry "POL"]
[SourceTitle "OM OTB B 201907"]
[Source "Opening Master"]
[SourceDate "2019.07.06"]
[SourceVersion "2"]
[SourceVersionDate "2019.07.06"]
[SourceQuality "1"]

1. e4 e5 2. Nf3 Nc6 3. c3 d5 4. Qa4 f6 5. d3 Nge7 6. Be2 Be6 7. O-O g6 8. Nbd2
Bg7 9. d4 exd4 10. Nxd4 Bd7 11. exd5 Nxd5 12. Re1 O-O 13. Bc4 Nce7 14. Qb3 c6
15. Qxb7 Kh8 16. Ne4 Nb6 17. Be6 c5 18. Nxc5 Rb8 1-0

[Event "FICS rated lightning game"]
[Site "FICS freechess.org"]
[Date "2017.12.03"]
[Round "?"]
[White "intihuantana"]
[Black "Drukkarg"]
[Result "0-1"]
[WhiteElo "1942"]
[BlackElo "2140"]
[PlyCount "94"]
[EventDate "2017.??.??"]
[EventType "swiss"]

1. e4 e5 2. Nf3 Nc6 3. c3 d5 4. Qa4 Bd7 5. exd5 Nd4 6. Qd1 Nxf3+ 7. Qxf3 f5 8.
Bc4 Bd6 9. O-O Nf6 10. Qe2 O-O 11. d3 a6 12. h3 b5 13. Bb3 Qe8 14. Nd2 Qg6 15.
Nf3 Rae8 16. Bg5 e4 17. dxe4 Nxe4 18. Qe3 h6 19. Bf4 Bc5 20. Qd3 Nd6 21. Ne5
Rxe5 22. Bxe5 Qg5 23. Bxd6 Bxd6 24. Rae1 f4 25. Qf3 Rf6 26. Re4 Rg6 27. Rfe1
Bf5 28. Re6 Kh7 29. Rxg6 Qxg6 30. Re2 Bd3 31. Rd2 Be4 32. Qg4 Qf6 33. f3 Bf5
34. Bc2 Bxc2 35. Rxc2 Bc5+ 36. Kh1 g5 37. Re2 Bd6 38. Qe6 Kg7 39. Qxf6+ Kxf6
40. Re6+ Kf7 41. Kg1 Kg7 42. Kf1 Kh7 43. Ke2 Kg7 44. Kd3 Kh7 45. Ke4 Kg7 46.
Kf5 g4 47. hxg4 h5 0-1

[Event "GBR-ch KO"]
[Site "London"]
[Date "2017.12.01"]
[Round "1.1"]
[White "Jones, Gawain CB"]
[Black "McShane, Luke J"]
[Result "1/2-1/2"]
[WhiteElo "2654"]
[BlackElo "2640"]
[PlyCount "88"]
[EventDate "2017.12.01"]
[EventType "k.o."]
[EventRounds "3"]
[EventCountry "ENG"]
[SourceTitle "OM OTB B 201907"]
[Source "Opening Master"]
[SourceDate "2019.07.06"]
[SourceVersion "2"]
[SourceVersionDate "2019.07.06"]
[SourceQuality "1"]

1. e4 e5 2. Nf3 Nc6 3. c3 Nf6 4. d4 Nxe4 5. d5 Ne7 6. Nxe5 Ng6 7. Nxg6 hxg6 8.
Bd3 Nc5 9. O-O Be7 10. Re1 O-O 11. Bf1 d6 12. a4 c6 13. b4 Nd7 14. a5 c5 15.
Bf4 g5 16. Qe2 gxf4 17. Qxe7 Qxe7 18. Rxe7 Rd8 19. Nd2 cxb4 20. cxb4 Nf6 21.
Bc4 Bd7 22. h3 Rac8 23. Ra3 g5 24. Rd3 Kf8 25. Re1 Re8 26. Rxe8+ Rxe8 27. Nf3
Ne4 28. Rd4 f6 29. Kf1 Kg7 30. Bd3 Nc3 31. Rc4 Rc8 32. Rxc8 Bxc8 33. Bc4 Bf5
34. Nd4 Be4 35. f3 Bxd5 36. Nf5+ Kf7 37. Bxd5+ Nxd5 38. Nxd6+ Ke6 39. Nxb7 Nxb4
40. Nc5+ Kd5 41. Ne4 Ke5 42. Kf2 Nc6 43. a6 Nb4 44. Nc3 Nxa6 1/2-1/2

[Event "FICS rated blitz game"]
[Site "FICS freechess.org"]
[Date "2017.12.01"]
[Round "?"]
[White "bakonyi"]
[Black "EFourAndWhiteWins"]
[Result "0-1"]
[WhiteElo "1998"]
[BlackElo "2530"]
[PlyCount "44"]
[EventDate "2017.??.??"]
[EventType "blitz"]

1. e4 e5 2. Nf3 Nc6 3. c3 Nf6 4. d4 Nxe4 5. d5 Ne7 6. Nxe5 Ng6 7. Nxg6 hxg6 8.
Bd3 Nc5 9. Bc2 Bd6 10. Nd2 Qe7+ 11. Qe2 Qxe2+ 12. Kxe2 b5 13. a4 bxa4 14. Ne4
Ba6+ 15. Kf3 Nxe4 16. Bxe4 Bb5 17. Be3 Rb8 18. h3 f5 19. Bb1 Bc4 20. Ba2 Ba6
21. Rhd1 Rxb2 22. Bxa7 Be2+ {White resigns} 0-1

[Event "Porto Alegre BRA, MXC Open 2017"]
[Site "Porto Alegre BRA"]
[Date "2017.11.26"]
[Round "5.10"]
[White "Grundler Siebel, Eduardo"]
[Black "Dos Santos, Guilherme Fortes"]
[Result "0-1"]
[WhiteElo "1714"]
[BlackElo "1745"]
[PlyCount "78"]
[EventDate "2017.11.24"]
[EventType "swiss"]
[EventRounds "5"]
[EventCountry "BRA"]
[SourceTitle "OM OTB B 201907"]
[Source "Opening Master"]
[SourceDate "2019.07.06"]
[SourceVersion "2"]
[SourceVersionDate "2019.07.06"]
[SourceQuality "1"]

1. e4 e5 2. Nf3 Nc6 3. c3 Nf6 4. d4 exd4 5. e5 Qe7 6. cxd4 d6 7. Bf4 Nh5 8. Qd2
Nxf4 9. Qxf4 g6 10. Bc4 Bg7 11. O-O O-O 12. Re1 dxe5 13. dxe5 Be6 14. Bb3 Rad8
15. Nc3 Rfe8 16. Ne4 Nxe5 17. Nxe5 Bxb3 18. axb3 Bxe5 19. Qf3 f5 20. Nc3 Qd6
21. g3 c6 22. Rad1 Qf6 23. Ne4 fxe4 24. Qxe4 Rxd1 25. Rxd1 Rf8 26. f4 Bxb2 27.
Rd7 Rf7 28. Qe8+ Kg7 29. Rd8 Re7 30. Qh8+ Kh6 31. Qxf6 Bxf6 32. Rf8 Kg7 33. Rb8
c5 34. g4 h6 35. Rc8 Bd4+ 36. Kg2 b5 37. Rc6 a5 38. f5 gxf5 39. gxf5 Rf7 0-1

[Event "Runavik FAR, Open 2017"]
[Site "Runavik FAR"]
[Date "2017.11.25"]
[Round "7.6"]
[White "Hamitevici, Vladimir"]
[Black "Jensson, Einar Hjalti"]
[Result "1-0"]
[WhiteElo "2519"]
[BlackElo "2372"]
[PlyCount "65"]
[EventDate "2017.11.20"]
[EventType "swiss"]
[EventRounds "9"]
[EventCountry "FAI"]
[SourceTitle "OM OTB B 201907"]
[Source "Opening Master"]
[SourceDate "2019.07.06"]
[SourceVersion "2"]
[SourceVersionDate "2019.07.06"]
[SourceQuality "1"]

1. e4 e5 2. Nf3 Nc6 3. c3 Nf6 4. Qa4 d6 5. g3 Bd7 6. Qc2 Be7 7. Bg2 Qc8 8. h3
O-O 9. d3 b5 10. Be3 Re8 11. Nbd2 Na5 12. d4 Bd8 13. b3 c5 14. d5 c4 15. Bf1
cxb3 16. axb3 a6 17. Rc1 Nb7 18. b4 a5 19. Qb1 axb4 20. cxb4 Qb8 21. Bd3 Ra6
22. g4 h5 23. Rg1 Be7 24. g5 Nh7 25. g6 fxg6 26. Rxg6 Rc8 27. Nxe5 Rxc1+ 28.
Qxc1 Qe8 29. Ke2 Bxh3 30. Nc6 Bf6 31. Rg3 Ra1 32. Qc2 Bd7 33. e5 1-0

[Event "Las Palmas Insular-chT Segunda 1718"]
[Site "Las Palmas"]
[Date "2017.11.25"]
[Round "3.2"]
[White "Suarez Cardero, Ivan"]
[Black "Cabrera Almeida, Victor"]
[Result "0-1"]
[WhiteElo "1503"]
[BlackElo "1512"]
[PlyCount "78"]
[EventDate "2017.10.28"]
[EventType "team-swiss"]
[EventRounds "9"]
[EventCountry "ESP"]
[SourceTitle "OM OTB B 201907"]
[Source "Opening Master"]
[SourceDate "2019.07.06"]
[SourceVersion "2"]
[SourceVersionDate "2019.07.06"]
[SourceQuality "1"]
[WhiteTeam "Piscolabis Oleaje San Andres II"]
[BlackTeam "Mogan II"]
[WhiteTeamCountry "ESP"]
[BlackTeamCountry "ESP"]

1. e4 e5 2. Nf3 Nc6 3. c3 Nf6 4. d3 d6 5. Be2 Be7 6. O-O O-O 7. Ne1 d5 8. Qc2
d4 9. Kh1 h6 10. f4 Bg4 11. f5 a5 12. Qd1 Bxe2 13. Qxe2 Nh7 14. Rf3 Bg5 15. Bd2
b6 16. Bxg5 Nxg5 17. Rg3 f6 18. Qg4 Qe8 19. Nd2 Rd8 20. Ndf3 Rd6 21. Nh4 Ne7
22. Rc1 Kh7 23. cxd4 Rc6 24. Rxc6 Nxc6 25. dxe5 Nxe5 26. Qd1 Qb5 27. Qc2 Nxe4
28. Re3 Nc5 29. Kg1 Qb4 30. Nhf3 Qf4 31. Re2 Re8 32. Nxe5 Qd4+ 33. Kh1 Rxe5 34.
Rxe5 Qxe5 35. Qf2 Qd5 36. Qg3 Qd7 37. d4 Qxd4 38. Nf3 Qd1+ 39. Ng1 Ne4 0-1

[Event "Championship of the SZFO B15"]
[Site "St. Petersburg"]
[Date "2017.11.24"]
[Round "5.17"]
[White "Shokhalov, Arkady"]
[Black "Dzhagarian, Arutyun"]
[Result "1-0"]
[WhiteElo "1756"]
[BlackElo "1378"]
[PlyCount "61"]
[EventDate "2017.11.20"]
[SourceTitle "OM OTB B 201907"]
[Source "Opening Master"]
[SourceDate "2019.07.06"]
[SourceVersion "2"]
[SourceVersionDate "2019.07.06"]
[SourceQuality "1"]

1. e4 e5 2. Nf3 Nc6 3. c3 d6 4. h3 Nf6 5. d4 exd4 6. cxd4 Nxe4 7. d5 Ne5 8.
Qa4+ Bd7 9. Qxe4 f5 10. Qe3 Qe7 11. Nxe5 dxe5 12. Nc3 a6 13. Be2 g6 14. O-O Bg7
15. Bc4 Rc8 16. Re1 c6 17. Bd2 c5 18. a4 Qh4 19. b3 e4 20. Rac1 Bd4 21. Qf4 Qf6
22. d6 Be6 23. Bxe6 Qxe6 24. Nxe4 Kf8 25. Nxc5 Qxe1+ 26. Rxe1 Bxc5 27. Qh6+ Kg8
28. Re7 Bd4 29. d7 Rf8 30. Qxf8+ Kxf8 31. d8=Q# 1-0

[Event "Open 2017"]
[Site "Pavlodar KAZ"]
[Date "2017.11.23"]
[Round "3.44"]
[White "Zhaken, Maksat"]
[Black "Bayantas, Asman"]
[Result "1/2-1/2"]
[WhiteElo "1453"]
[BlackElo "1139"]
[PlyCount "45"]
[EventDate "2017.11.21"]
[EventType "swiss"]
[EventRounds "4"]
[EventCountry "KAZ"]

1. e4 e5 2. Nf3 Nc6 3. c3 Nf6 4. Qc2 d5 5. Bb5 Nxe4 6. Nxe5 a6 7. Nxc6 Qf6 8.
d3 axb5 9. Nd4 Nd6 10. O-O Be7 11. Ne2 O-O 12. d4 Ne4 13. Nd2 Bf5 14. Nf4 Rad8
15. Nxd5 Rxd5 16. Nxe4 Qg6 17. f3 Bd6 18. Qe2 Bxe4 19. Qxe4 Qxe4 20. fxe4 Rh5
21. Bf4 Re8 22. Bxd6 cxd6 23. Rae1 1/2-1/2

[Event "ch-VIE Masters Women 2017"]
[Site "Ho Chi Minh City VIE"]
[Date "2017.11.23"]
[Round "1.5"]
[White "Pham Thi Thu Hien"]
[Black "Nguyen, Thi Thao Linh"]
[Result "1-0"]
[WhiteElo "2138"]
[BlackElo "1800"]
[PlyCount "55"]
[EventDate "2017.11.23"]
[EventType "swiss"]
[EventRounds "9"]
[EventCountry "VIE"]
[SourceTitle "The Week in Chess 1204"]
[Source "Mark Crowther"]
[SourceDate "2017.12.04"]
[SourceVersion "1"]
[SourceVersionDate "2017.12.04"]
[SourceQuality "2"]

1. e4 e5 2. Nf3 Nc6 3. c3 Nf6 4. d4 d5 5. dxe5 Nxe4 6. Bb5 Bc5 7. O-O O-O 8.
Bxc6 bxc6 9. Nd4 Bd7 10. Bf4 Ng5 11. Nd2 Bb6 12. a4 a5 13. N2f3 Ne4 14. Nd2 Ng5
15. N4f3 Ne6 16. Bg3 c5 17. c4 c6 18. Qb3 Bc8 19. Rfd1 d4 20. Ne4 Bc7 21. Qa3
Rb8 22. Nxc5 Nxc5 23. Qxc5 Rxb2 24. Qa3 Rb4 25. Nxd4 Qg5 26. Nxc6 Rxc4 27. Ne7+
Kh8 28. Ng6+ 1-0

[Event "FICS rated blitz game"]
[Site "FICS freechess.org"]
[Date "2017.11.22"]
[Round "?"]
[White "Gamin"]
[Black "mestrex"]
[Result "0-1"]
[WhiteElo "2113"]
[BlackElo "1890"]
[PlyCount "74"]
[EventDate "2017.??.??"]
[EventType "blitz"]

1. e4 e5 2. Nf3 Nc6 3. c3 Nf6 4. d4 Nxe4 5. d5 Ne7 6. Nxe5 Ng6 7. Bd3 Nxe5 8.
Bxe4 Bc5 9. O-O d6 10. b4 Bb6 11. Re1 f5 12. Bc2 O-O 13. Be3 Bxe3 14. fxe3 Qh4
15. Qe2 Ng4 16. g3 Qh3 17. Nd2 Bd7 18. Rf1 Rae8 19. Rf3 Rf6 20. Raf1 Rh6 21.
R1f2 Nxf2 22. Qxf2 Rh5 23. a4 Rg5 24. e4 fxe4 25. Bxe4 Rge5 26. Qxa7 Rxe4 27.
Nxe4 Rxe4 28. Qf2 Re8 29. Rf7 Bxa4 30. Rxc7 Qh5 31. Rxb7 Qd1+ 32. Qf1 Qxd5 33.
Rb6 Bc6 34. Rxc6 Qxc6 35. Qd3 Re1+ 36. Kf2 Rc1 37. c4 Rxc4 0-1

[Event "FICS rated lightning game"]
[Site "FICS freechess.org"]
[Date "2017.11.21"]
[Round "?"]
[White "kungzeb"]
[Black "MIHAILOP"]
[Result "0-1"]
[WhiteElo "1834"]
[BlackElo "2413"]
[PlyCount "76"]
[EventDate "2017.??.??"]
[EventType "swiss"]

1. e4 Nc6 2. Nf3 e5 3. c3 Nf6 4. d4 Nxe4 5. d5 Ne7 6. Qe2 Nd6 7. Qxe5 f6 8. Qe3
Kf7 9. Bd3 Ndf5 10. Qe2 d6 11. O-O Nxd5 12. Nbd2 Nf4 13. Qe4 Nxd3 14. Qxd3 d5
15. Nb3 c6 16. Bf4 Bd6 17. Bxd6 Qxd6 18. Rad1 Bd7 19. Rfe1 Rhe8 20. Nbd4 Nxd4
21. Nxd4 Kg8 22. h3 Rad8 23. c4 dxc4 24. Qxc4+ Qd5 25. Qxd5+ cxd5 26. Nb3 Rxe1+
27. Rxe1 Kf7 28. Nc5 Bc6 29. b4 Re8 30. Rd1 Ke7 31. a4 b6 32. b5 bxc5 33. bxc6
Kd6 34. c7 Rc8 35. Rb1 Rxc7 36. Rb8 c4 37. Rd8+ Ke5 38. Re8+ Kd4 0-1

[Event "FICS rated lightning game"]
[Site "FICS freechess.org"]
[Date "2017.11.21"]
[Round "?"]
[White "kungzeb"]
[Black "MIHAILOP"]
[Result "0-1"]
[WhiteElo "1844"]
[BlackElo "2403"]
[PlyCount "72"]
[EventDate "2017.??.??"]
[EventType "swiss"]

1. e4 Nc6 2. Nf3 e5 3. c3 d5 4. exd5 Qxd5 5. d4 exd4 6. Nxd4 Nxd4 7. Qxd4 Qxd4
8. cxd4 Nf6 9. Bf4 Bb4+ 10. Nc3 Nd5 11. Bd2 Be6 12. Bb5+ c6 13. Nxd5 Bxd2+ 14.
Kxd2 Bxd5 15. Bf1 O-O-O 16. Kc3 Rhe8 17. f3 g5 18. Bd3 h5 19. Rae1 f6 20. h4 a5
21. hxg5 Rxe1 22. Rxe1 fxg5 23. Re5 Rg8 24. Bh7 Rg7 25. Bf5+ Kc7 26. g4 h4 27.
Re2 Bxf3 28. Rf2 Bd5 29. b3 Re7 30. Bd3 b5 31. a3 Kd6 32. Rf5 Rg7 33. Rf6+ Be6
34. Bf5 Re7 35. Rg6 h3 36. Rxg5 h2 0-1

[Event "ROM-chT"]
[Site "Baile Govora"]
[Date "2017.11.19"]
[Round "9.5"]
[White "Ionescu, Doru Alexandru"]
[Black "Georgescu, Tiberiu Marian"]
[Result "0-1"]
[WhiteElo "2333"]
[BlackElo "2457"]
[PlyCount "84"]
[EventDate "2017.11.11"]
[EventType "team-tourn"]
[EventRounds "9"]
[EventCountry "ROU"]
[SourceTitle "OM OTB B 201907"]
[Source "Opening Master"]
[SourceDate "2019.07.06"]
[SourceVersion "2"]
[SourceVersionDate "2019.07.06"]
[SourceQuality "1"]
[WhiteTeam "Ploiesti Universitar"]
[BlackTeam "Baia Mare"]
[WhiteTeamCountry "ROU"]
[BlackTeamCountry "ROU"]

1. e4 e5 2. Nf3 Nc6 3. c3 d5 4. Qa4 f6 5. d3 Be6 6. Nbd2 Nge7 7. Be2 Nc8 8. O-O
Nb6 9. Qc2 Be7 10. b4 O-O 11. Bb2 dxe4 12. dxe4 Qe8 13. a3 a5 14. Rfe1 Qf7 15.
h3 Rfd8 16. Nh2 Rd7 17. Nhf1 Rad8 18. Bb5 Rd6 19. Rad1 Bf8 20. Ne3 axb4 21.
axb4 g6 22. Bc1 Bh6 23. Ng4 Bxg4 24. hxg4 Qd7 25. Bxc6 bxc6 26. c4 Rd4 27. c5
Nc4 28. Nf3 Rxd1 29. Qxc4+ Kg7 30. Bxh6+ Kxh6 31. Rxd1 Qxd1+ 32. Kh2 Qd7 33.
g5+ Kg7 34. gxf6+ Kxf6 35. Kg3 h5 36. Kh2 Qg4 37. Qe2 h4 38. Qc4 g5 39. Qf7+
Kxf7 40. Nxe5+ Ke6 41. Nxg4 Rd4 42. f3 Rxb4 0-1

[Event "SVK-chT3B2 1718"]
[Site "Slovakia"]
[Date "2017.11.19"]
[Round "4.1"]
[White "Poliakova, Emma"]
[Black "Kaniansky, Miroslav"]
[Result "1-0"]
[WhiteElo "1944"]
[BlackElo "2123"]
[PlyCount "73"]
[EventDate "2017.10.08"]
[EventType "team-tourn"]
[EventRounds "11"]
[EventCountry "SVK"]
[SourceTitle "OM OTB B 201907"]
[Source "Opening Master"]
[SourceDate "2019.07.06"]
[SourceVersion "2"]
[SourceVersionDate "2019.07.06"]
[SourceQuality "1"]
[WhiteTeam "Dubnica nad Vahom III"]
[BlackTeam "Handlova"]
[WhiteTeamCountry "SVK"]
[BlackTeamCountry "SVK"]

1. e4 e5 2. Nf3 Nc6 3. c3 Nf6 4. d4 Nxe4 5. d5 Nb8 6. Nxe5 Nf6 7. Be2 Be7 8.
O-O O-O 9. Be3 d6 10. Nf3 Bf5 11. c4 Ne4 12. Nbd2 Bf6 13. Nd4 Bg6 14. Nxe4 Bxe4
15. Bd3 Re8 16. Qc2 Bxd3 17. Qxd3 Nd7 18. Rad1 Nc5 19. Qc2 Qd7 20. b3 Re7 21.
Nf5 Re5 22. Ng3 Rae8 23. Bd4 Rg5 24. Bxf6 gxf6 25. f4 Rg6 26. Rde1 Kf8 27. b4
Na6 28. a3 Nb8 29. Qb1 b5 30. Rxe8+ Qxe8 31. Re1 Qd7 32. cxb5 Qxb5 33. Qe4 Qd7
34. Nf5 c5 35. bxc5 dxc5 36. d6 Nc6 37. Ne7 1-0

[Event "IT Suomi 100 ottelu 2017 Vierumaki"]
[Site "?"]
[Date "2017.11.18"]
[Round "3"]
[White "Ivanov Sergey"]
[Black "Sipila Vilka"]
[Result "1/2-1/2"]
[WhiteElo "2375"]
[BlackElo "2299"]
[PlyCount "34"]
[EventDate "2017.??.??"]

1. e4 e5 2. Nf3 Nc6 3. c3 d5 4. d3 dxe4 5. dxe4 Qxd1+ 6. Kxd1 Nf6 7. Bd3 Bg4 8.
Be3 Nd7 9. h3 Nc5 10. Bc2 Bxf3+ 11. gxf3 Ne6 12. Ke2 Bd6 13. Nd2 Ne7 14. Bb3
Kd7 15. Ba4+ Kd8 16. Bb3 Kd7 17. Ba4+ Kd8 1/2-1/2

[Event "1/128 Finale"]
[Site "www.chess-mail.com"]
[Date "2017.11.18"]
[Round "1"]
[White "Bojan"]
[Black "Panham"]
[Result "0-1"]
[WhiteElo "1980"]
[BlackElo "2240"]
[PlyCount "64"]
[EventDate "2017.??.??"]

1. e4 e5 2. Nf3 Nc6 3. c3 Nf6 4. d3 d5 5. exd5 Nxd5 6. Nbd2 Be7 7. Nc4 Bf6 8.
h3 O-O 9. Be2 Re8 10. Ne3 Nf4 11. Bf1 e4 12. g3 Nxd3+ 13. Bxd3 exd3 14. Kf1 b6
15. Ng4 Ba6 16. Kg2 Bb7 17. Re1 Rxe1 18. Nxe1 Ne5+ 19. Kh2 Nxg4+ 20. hxg4 Qd5
21. f3 Rd8 22. Bd2 h5 23. gxh5 Qxh5+ 24. Kg2 c5 25. a4 g5 26. a5 g4 27. Ra4 b5
28. Rxg4+ Qxg4 29. Kf2 Qh5 30. Ng2 Re8 31. Nf4 Qh2+ 32. Ng2 Re2+ {resign} 0-1

[Event "FICS rated lightning game"]
[Site "FICS freechess.org"]
[Date "2017.11.18"]
[Round "?"]
[White "Kayeoliveira"]
[Black "ninjachessdude"]
[Result "0-1"]
[WhiteElo "1974"]
[BlackElo "2489"]
[PlyCount "68"]
[EventDate "2017.??.??"]
[EventType "swiss"]

1. e4 e5 2. Nf3 Nc6 3. c3 d5 4. Bb5 dxe4 5. Nxe5 Qd5 6. Nxc6 Qxb5 7. Nd4 Qa6 8.
Qe2 Qxe2+ 9. Nxe2 Bd7 10. Ng3 O-O-O 11. Nxe4 Re8 12. f3 f5 13. d3 fxe4 14. dxe4
Nf6 15. Bg5 h6 16. Bxf6 gxf6 17. O-O Rd8 18. Na3 Bc5+ 19. Kh1 Bxa3 20. bxa3 Ba4
21. Rfd1 Rxd1+ 22. Rxd1 Bxd1 23. c4 Rd8 24. c5 Rd3 25. a4 Ra3 26. a5 Rxa5 27.
c6 b5 28. e5 fxe5 29. f4 exf4 30. a4 bxa4 31. Kg1 a3 32. Kh1 a2 33. Kg1 a1=Q
34. Kh1 Bc2# {White checkmated} 0-1

[Event "Tourn. n9527"]
[Site "www.chess-mail.com"]
[Date "2017.11.17"]
[Round "1"]
[White "Bojan"]
[Black "Norlavuaram"]
[Result "1/2-1/2"]
[WhiteElo "2010"]
[BlackElo "2070"]
[PlyCount "90"]
[EventDate "2017.??.??"]

1. e4 e5 2. Nf3 Nc6 3. c3 Nf6 4. d3 Be7 5. Be2 O-O 6. h3 d5 7. exd5 Nxd5 8. Nh2
Bf5 9. Nd2 Nf4 10. O-O Nxe2+ 11. Qxe2 Bxd3 12. Qg4 Bg6 13. Re1 Kh8 14. Ndf3 f5
15. Qc4 Bf6 16. Qc5 Qd6 17. Qe3 e4 18. Nd2 f4 19. Qe2 Rae8 20. Qc4 e3 21. fxe3
fxe3 22. Ndf3 Re4 23. Qe2 Qg3 24. Bxe3 Rfe8 25. Bf2 Qf4 26. Qd1 Rd8 27. Qb3 b6
28. Ng4 Rde8 29. Qd5 Rxe1+ 30. Rxe1 Rxe1+ 31. Nxe1 Qd6 32. Qxd6 cxd6 33. Nxf6
gxf6 34. Nf3 Kg7 35. Nh4 Bd3 36. g4 Ne5 37. Be3 Nc4 38. Bc1 Ne5 39. Kf2 Bb1 40.
Ke3 Kf7 41. a3 Ke6 42. Nf3 Nxf3 43. Kxf3 Ba2 44. Kf4 Bb1 45. Be3 Bc2 {draw}
1/2-1/2

[Event "Acqui Terme ITA, World Senior Ch 50+(m)"]
[Site "Acqui Terme ITA"]
[Date "2017.11.14"]
[Round "7.2"]
[White "Reprintsev, Alexander"]
[Black "Sturua, Zurab"]
[Result "0-1"]
[WhiteElo "2361"]
[BlackElo "2536"]
[PlyCount "150"]
[EventDate "2017.11.07"]
[EventType "swiss"]
[EventRounds "11"]
[EventCountry "ITA"]
[SourceTitle "OM OTB B 201907"]
[Source "Opening Master"]
[SourceDate "2019.07.06"]
[SourceVersion "2"]
[SourceVersionDate "2019.07.06"]
[SourceQuality "1"]

1. e4 e5 2. Nf3 Nc6 3. c3 Nf6 4. d4 Nxe4 5. d5 Ne7 6. Nxe5 Ng6 7. Nxg6 hxg6 8.
Be3 b6 9. Nd2 Nf6 10. Qe2 Be7 11. d6 Bxd6 12. Bxb6+ Be7 13. Bd4 d5 14. Bc5 Be6
15. Bxe7 Qxe7 16. Qe3 Ng4 17. Bb5+ Kf8 18. Qe2 Rb8 19. Nf3 c5 20. h3 Bf5 21.
O-O Qxe2 22. Bxe2 Nf6 23. b3 Ne4 24. Rac1 Ke7 25. Ne5 Rhc8 26. Rfd1 Be6 27. Bf3
Nf6 28. g4 g5 29. c4 dxc4 30. Nxc4 Rc7 31. Re1 g6 32. Re5 Nd7 33. Re3 Rb4 34.
Bd5 Nf8 35. Ne5 Rb6 36. Bc4 Kf6 37. Rce1 Kg7 38. Re4 Rd6 39. Nf3 Bxc4 40. Rxc4
Ne6 41. Re5 Kf6 42. h4 gxh4 43. g5+ Kg7 44. Rxh4 Rcd7 45. Kg2 Ra6 46. Re2 Rd1
47. Kg3 Ra1 48. a4 Rb1 49. Re3 Rb6 50. Nd2 Rg1+ 51. Kf3 Nd4+ 52. Kf4 Nf5 53.
Rh2 Nxe3 54. fxe3 Rb4+ 55. e4 Rb8 56. Re2 Rc1 57. Re3 Rd8 58. Nc4 Rf1+ 59. Ke5
Rg1 60. Kf4 Rgd1 61. Ne5 Rf1+ 62. Kg3 Re8 63. Nd7 Rc1 64. Kf4 c4 65. bxc4 Rxc4
66. Nf6 Rd8 67. Ra3 a5 68. Ke5 Rc5+ 69. Nd5 Rb8 70. Kd4 Rc1 71. Nf6 Rg1 72. e5
Rxg5 73. Rh3 Rh8 74. Rc3 Rf5 75. Rc5 Rh4+ 0-1

[Event "FICS rated blitz game"]
[Site "FICS freechess.org"]
[Date "2017.11.13"]
[Round "?"]
[White "bakonyi"]
[Black "RogerS"]
[Result "0-1"]
[WhiteElo "2017"]
[BlackElo "2068"]
[PlyCount "76"]
[EventDate "2017.??.??"]
[EventType "blitz"]

1. e4 e5 2. Nf3 Nc6 3. c3 d5 4. Qa4 dxe4 5. Nxe5 Bd7 6. Nxd7 Qxd7 7. Qxe4+ Be7
8. d4 Nf6 9. Qf3 O-O-O 10. Bb5 Rhe8 11. O-O a6 12. Bxc6 Qxc6 13. Qxc6 bxc6 14.
Nd2 c5 15. Nb3 cxd4 16. Nxd4 c5 17. Nf3 Ne4 18. Be3 Kc7 19. Rad1 Kc6 20. Rfe1
f5 21. Kf1 Bf6 22. Rxd8 Rxd8 23. Ke2 g5 24. Rd1 Rxd1 25. Kxd1 f4 26. Bc1 Nxf2+
27. Ke2 Ne4 28. h4 h6 29. hxg5 hxg5 30. Nd2 Kd5 31. Kf3 Nxd2+ 32. Bxd2 Ke5 33.
c4 Kf5 34. b3 g4+ 35. Kf2 Ke4 36. Ba5 Bd4+ 37. Kf1 f3 38. gxf3+ Kxf3 {White
resigns} 0-1

[Event "FICS rated blitz game"]
[Site "FICS freechess.org"]
[Date "2017.11.11"]
[Round "?"]
[White "morts"]
[Black "camicucci"]
[Result "0-1"]
[WhiteElo "1168"]
[BlackElo "1218"]
[PlyCount "57"]
[EventDate "2017.??.??"]
[EventType "blitz"]

1. e4 e5 2. Nf3 Nc6 3. c3 Nf6 4. d3 Bc5 5. g3 O-O 6. Bg2 d6 7. O-O Bg4 8. Bg5
h6 9. Be3 Nd7 10. Bxc5 Nxc5 11. Nbd2 d5 12. b4 dxe4 13. dxe4 Nd3 14. Qc2 f5 15.
Rad1 fxe4 16. Nxe4 Bf5 17. Rxd3 Qf6 18. Nfd2 Qg6 19. Rf3 Bxe4 20. Nxe4 Rxf3 21.
Bxf3 Rf8 22. Qd3 Qf5 23. Bg2 Ne7 24. Qc4+ Kh7 25. f3 c6 26. Qc5 Nd5 27. c4 g5
28. cxd5 cxd5 29. Qxd5 {White resigns} 0-1